000 00727nam a2200193 i 4500
001 124963
003 ES-MaACL
005 20230906192528.0
007 t|
008 070425s1936 sp ||||1| spa d
245 0 0 _aPréstamos a Ayuntamientos y Diputaciones Provinciales y sus Comisiones gestoras para finalidades sociales.
250 _a4ª ed.
260 _aMadrid :
_b[s.n.],
_c1936 (
_fImprenta y Encuadernación de los Sobrinos de la Sucesora de M. Minuesa de los Ríos)
300 _a91 p. ;
_c21 cm.
490 1 _aPublicaciones del Instituto Nacional de Previsión ;
_v494
830 0 _aPublicaciones del Instituto Nacional de Previsión ;
_v494
_9181151
852 _aES-MaACL
_jC-12631(8)
999 _c124963
_d124963